|
|
|
|
| LEADER |
00000nam a2200000 a 4500 |
| 001 |
vtls008334143 |
| 003 |
SK-MaSNL |
| 005 |
20260301093910.0 |
| 008 |
230403s1961 xo slo |
| 015 |
|
|
|a SNBA1961/11-02185
|
| 035 |
|
|
|a SK01SNK19610026360
|
| 035 |
|
|
|a urn:nbn:sk:snk-amlq5f
|
| 035 |
|
|
|a urn:nbn:sk:snk-am00c123
|
| 035 |
|
|
|a 1FCCDA16-CA25-4C70-95C0-3A11DACD6295
|
| 035 |
|
|
|a SKM000028823
|
| 040 |
|
|
|a SNK
|b slo
|c SNK
|e AACR2
|
| 041 |
0 |
|
|a slo
|
| 044 |
|
|
|a xo
|
| 080 |
|
|
|a 31(075.3)
|2 1981
|
| 100 |
1 |
|
|a Ostrožlíková-Bodová, Miloslava
|4 aut
|9 398179
|
| 245 |
1 |
0 |
|a Štatistika pre 3. ročník stredných ekonomických škôl
|c autori: Miloslava Ostrožlíková-Bodová a Ladislav Bojnanský
|
| 250 |
|
|
|a 2. preprac. vyd.
|
| 260 |
|
|
|a Bratislava
|b Slovenské pedagogické nakladateľstvo
|c 1961
|e Bratislava
|f Pravda
|
| 300 |
|
|
|a 162, [2] s., [2] obr. príl., [2] tb. príl., [2] mp. príl.
|c 8°
|
| 500 |
|
|
|a Ilustr. Použ. lit. Pozn. Tb. Fot. Grafy. Na obál: Bojňanský, Ladislav
|
| 563 |
|
|
|a 1000 výtl.
|
| 650 |
0 |
7 |
|a štatistika
|x učebnice stred. ekon. škôl (3. roč.)
|2 SNK
|9 426908
|
| 655 |
|
7 |
|a učebnice
|2 SNKPH
|9 22521
|
| 700 |
1 |
|
|a Bojnanský, Ladislav, 1931-2018
|4 aut
|9 192013
|
| 852 |
|
|
|a Slovenská národná knižnica
|
| 954 |
|
|
|a odborná, vedecká literatúra pôvodná (slovenská)
|2 lita
|
| 958 |
|
|
|a OND
|
| 958 |
|
|
|a TL
|
| 958 |
|
|
|a RK
|
| 958 |
|
|
|a NB
|
| 958 |
|
|
|a UC
|
| 958 |
|
|
|a EUIPO
|
| 999 |
|
|
|c 678549
|d 680479
|
| 952 |
|
|
|a SNK
|b SNK
|y PREZ
|7 0
|p 17A0708299
|o snkSD 20582
|i snkKSP 5396/61
|0 0
|1 0
|4 0
|d 2011-08-17
|f 1
|l 0
|r 2025-12-04 00:00:00
|w 2026-02-23
|